| 000 | 00806cam a2200217 i 4500 | ||
|---|---|---|---|
| 005 | 20191224041710.0 | ||
| 008 | 911018s1987 ck a b 000 0 spa d | ||
| 040 |
_aMH-A _cMH-A _dDLC _dCO-BoIAV |
||
| 041 | 0 | _aspa | |
| 082 | 0 | 4 |
_a575.6 _bM82e |
| 100 | 1 | _aMora-Osejo, Luis Eduardo | |
| 245 | 1 | 0 |
_aEstudios morfológicos, autoecológicos y sistemáticos en angiospermas / _cLuis Eduardo Mora-Osejo. |
| 260 |
_aBogotá : _bAcademia Colombiana de Ciencias Exactas, Físicas y Naturales, _c1987. |
||
| 300 |
_a195 páginas : _bilustraciones ; _c24 cm. |
||
| 490 | 0 | 0 |
_aSerie Jorge Álvarez Lleras ; _v1 |
| 504 | _aIncluye referencias bibliográficas. | ||
| 650 | 1 | 4 |
_aAngiospermas _xMorfología |
| 650 | 2 | 4 |
_aAngiospermas _xFisiología |
| 650 | 2 | 4 | _aAngiospermas |
| 942 |
_2ddc _cLIBRO |
||
| 999 |
_c3652 _d3652 |
||